000 00934cam a22003137a 4500
003 CHAP
005 20220817041326.0
008 971013s r 00010 d
010 _a11314
011 _a12286
035 _a14848
040 _cCHAP
090 _aFolleto 17276
110 0 _aFAO
245 1 0 _aLista de documentos
260 _aRoma :
_bFAO,
_c1984
300 _a122 p.
590 _aBATCH-UPD
_b10
_c20130110
_lUCH01
_h0005
590 _aBATCH-UPD
_b10
_c20130110
_lUCH01
_h2205
590 _aBATCH-UPD
_b10
_c20130409
_lUCH01
_h1941
590 _aBATCH-UPD
_b10
_c20130410
_lUCH01
_h1510
590 _aBATCH-UPD
_b10
_c20130914
_lUCH01
_h0942
590 _aCONVERSION
_b10
_c20130109
_lUCH01
_h1307
650 1 4 _aAgricultura y ganadería
_xBibliografia.
_92076
650 1 4 _aCitas bibliográficas.
_923482
901 _aBK
942 _cFOLL
949 _aFolleto 17276
_bBC
_cFOLL
_d33724002066124
_eTS1
_gDonaciØn
_i14848
_sb
999 _c11314
_d11314